书目信息 |
| 题名: |
清代新疆社会变迁研究
|
|
| 作者: | 华立 著 | |
| 分册: | ||
| 出版信息: | 西安 西北大学出版社 2021.12 |
|
| 页数: | 11, 480页 | |
| 开本: | 25cm | |
| 丛书名: | 中国西北边疆研究丛书 | |
| 单 册: | ||
| 中图分类: | K294.5-53 | |
| 科图分类: | ||
| 主题词: | 社会变迁--she hui bian qian--新疆--清代--文集 | |
| 电子资源: | ||
| ISBN: | 978-7-5604-4863-3 | |
| 000 | 01059oam2 2200253 450 | |
| 001 | 011025154638 | |
| 005 | 20221025154638.0 | |
| 010 | @a978-7-5604-4863-3@dCNY120.00 | |
| 100 | @a20201004d2021 em y0chiy0110 ea | |
| 101 | 0 | @achi |
| 102 | @aCN@b610000 | |
| 105 | @ay z 000yy | |
| 106 | @ar | |
| 200 | 1 | @a清代新疆社会变迁研究@Aqing dai xin jiang she hui bian qian yan jiu@f华立著 |
| 210 | @a西安@c西北大学出版社@d2021.12 | |
| 215 | @a11, 480页@d25cm | |
| 225 | 2 | @a中国西北边疆研究丛书@Azhong guo xi bei bian jiang yan jiu cong shu |
| 300 | @a陕西出版资金资助项目 | |
| 330 | @a本书主要内容分为三个部分:第一部分为“移民与流动篇”,主要论述了清代新疆人口流动、移民出关、跨地域迁徙的情况;第二部分为“地域社会篇”,主要论述了清代新疆的社会状况,以相应的史实和政策为研究内容;第三部分为“经济文化篇”,主要介绍了新疆地区的农业、贸易等情况。 | |
| 410 | 0 | @12001 @a中国西北边疆研究丛书 |
| 606 | 0 | @a社会变迁@Ashe hui bian qian@y新疆@z清代@j文集 |
| 690 | @aK294.5-53@v5 | |
| 701 | 0 | @a华立@Ahua li@4著 |
| 905 | @a河南城建学院图书馆@dK294.5-53@eH682 | |
| 清代新疆社会变迁研究/华立著.-西安:西北大学出版社,2021.12 |
| 11, 480页;25cm.-(中国西北边疆研究丛书) |
| 陕西出版资金资助项目 |
| ISBN 978-7-5604-4863-3:CNY120.00 |
| 本书主要内容分为三个部分:第一部分为“移民与流动篇”,主要论述了清代新疆人口流动、移民出关、跨地域迁徙的情况;第二部分为“地域社会篇”,主要论述了清代新疆的社会状况,以相应的史实和政策为研究内容;第三部分为“经济文化篇”,主要介绍了新疆地区的农业、贸易等情况。 |
| ● |
| 相关链接 |
|
|
|
正题名:清代新疆社会变迁研究
索取号:K294.5-53/H682
 
预约/预借
| 序号 | 登录号 | 条形码 | 馆藏地/架位号 | 状态 | 备注 |
| 1 | 1591152 | 215911529 | 社科库309/309社科库 38排6列1层/ [索取号:K294.5-53/H682] | 在馆 |